000 00651nam a2200229Ia 4500
003 OSt
005 20221005121452.0
006 a|||||r|||| 00| 0
007 ta
008 221004b |||||||| |||| 00| 0 eng d
024 _a59109
037 _cTextual
040 _aCRL
_cCRL
_beng
041 _2eng
_aeng
082 _aU8:2MH:N3, G7
100 _aBauer Paul
_9630658
245 0 _aHimalayan campaign
_b The German attack on Kangchenjunga; the second highest mountain in the world tr by Sumner Austin.
260 _c1937
650 _aGEOGRAPHY
942 _hU8:2MH:N3, G7
_cTEXL
_2cc
999 _c1041246
_d1041246